000 01201nam a22003257a 4500
003 CHAP
005 20220329140445.0
008 971013s1981 r 00010 d
010 _a52254
011 _a53226
035 _a57376
040 _cCHAP
090 _aTesis
100 0 0 _aPonce Azúara, José Manuel.
_990772
245 _aPérdidas económicas causadas por el decomiso de hígados infestados con fasciola hepática en bovinos sacrificados en la Empacadora T.I.F. (Tipo Inspección Federal) No. 48 en Aguascalientes
260 _aMéxico, D.F. :
_bEl autor,
_c1981
300 _a21 h.
502 _aTesis (Médico Veterinario Zootecnista) -- UNAM. Fac. de Medicina Veterinaria y Zootecnia
590 _aALEPH
_b10
_c20130110
_lUCH01
_h1329
590 _aBATCH-UPD
_b10
_c20130110
_lUCH01
_h0802
590 _aBATCH-UPD
_b10
_c20130410
_lUCH01
_h0440
590 _aBATCH-UPD
_b10
_c20130914
_lUCH01
_h1525
590 _aCONVERSION
_b10
_c20130109
_lUCH01
_h1328
650 1 4 _aFasciola hepatica.
_939814
650 1 4 _aGanado vacuno
_xMatanza.
_945478
650 1 4 _aGanado vacuno
_xParásitos.
_945500
901 _aBK
942 _cTESIS
949 _bBC
_cTES
_d-124867
_eTS1
_h18449
_i57376
_mD
_si
999 _c52254
_d52254